000 00461nam a2200181Ia 4500
008 090124s9999 xx 000 0 und d
082 _b15670
_a3974
100 _aभागवत शशि
245 _a मर्मभेद
250 _a1
260 _c1966
300 _a237
600 _aभागवत शशि
630 _a मर्मभेद
700 _aभागवत शशि
730 _a मर्मभेद
942 _cBOOK
999 _c129610
_d129610